|
|
|
|
| LEADER |
00000nam2a2200000 4500 |
| 001 |
308958 |
| 005 |
20231101012440.0 |
| 020 |
|
|
|a RU
|b 86-38789ж
|
| 035 |
|
|
|a (RuTPU)RU\TPU\book\334279
|
| 035 |
|
|
|a RU\TPU\book\219087
|
| 090 |
|
|
|a 308958
|
| 100 |
|
|
|a 20151109a1981 m a0rusy5003 ca
|
| 101 |
0 |
|
|a rus
|
| 102 |
|
|
|a RU
|
| 105 |
|
|
|a a z 001zy
|
| 200 |
0 |
|
|a Вып. 5
|
| 210 |
|
|
|d 1981
|
| 215 |
|
|
|e (ил.)
|a 274 с.
|
| 320 |
|
|
|a Библиогр. в конце ст.
|
| 461 |
|
1 |
|0 (RuTPU)RU\TPU\book\219165
|t Молекулярная спектроскопия
|o межведомственный сборник
|f Ленинградский государственный университет (ЛГУ) ; под ред. И. Н. Рязанова
|v Вып. 5
|d 1960-
|
| 610 |
1 |
|
|a спектроскопия молекулярная
|
| 610 |
1 |
|
|a межмолекулярные взаимодействия
|
| 610 |
1 |
|
|a ЯМР
|
| 610 |
1 |
|
|a лазерная спектрометрия
|
| 610 |
1 |
|
|a колебательные контуры
|
| 610 |
1 |
|
|a газовая фаза
|
| 610 |
1 |
|
|a жидкая фаза
|
| 610 |
1 |
|
|a колебательная релаксация
|
| 801 |
|
0 |
|a RU
|b RuMRKP
|c 19950704
|g psbo
|
| 801 |
|
1 |
|a RU
|b 63413507
|c 20110917
|
| 801 |
|
2 |
|a RU
|b 63413507
|c 20190722
|g RCR
|
| 942 |
|
|
|c BK
|